[Event "Leiden SB-chB"]
[Site "Leiden"]
[Date "2014.05.27"]
[Round "3"]
[White "Kuiper, Chiel"]
[Black "De Ruyter, Wim"]
[Result "1/2-1/2"]
[WhiteElo "1372"]
[BlackElo "1675"]
[PlyCount "49"]
[EventDate "2014.05.13"]
[EventType "swiss"]
[EventRounds "7"]
[EventCountry "NED"]
[SourceTitle "EXT 2015"]
[Source "ChessBase"]
[SourceDate "2014.11.20"]
[SourceVersion "1"]
[SourceVersionDate "2014.11.20"]
[SourceQuality "1"]

1. d4 d5 2. Nf3 c5 3. e3 e6 4. b3 Nc6 5. a3 cxd4 6. exd4 Bd6 7. Bb2 Nf6 8. Bd3 Qc7 9. Qe2 0-0 10. Ne5 Nd7 11. f4 Ndxe5 12. fxe5 Be7 13. 0-0 Bg5 14. Kh1 Qb6 15. Bxh7+ Kxh7 16. Qh5+ Bh6 17. c3 Qxb3 18. Bc1 Nd8 19. g4 Qc2 20. g5 Qd3 21. Rg1 Qe4+ 22. Rg2 Qg6 23. Qh4 Qe4 24. Qh5 Qe1+ 25. Rg1 1/2-1/2

[Event "Leiden SB-chB"]
[Site "Leiden"]
[Date "2014.05.20"]
[Round "2"]
[White "De Ruyter, Wim"]
[Black "Wagemans, Ed"]
[Result "0-1"]
[WhiteElo "1675"]
[BlackElo "1866"]
[PlyCount "76"]
[EventDate "2014.05.13"]
[EventType "swiss"]
[EventRounds "7"]
[EventCountry "NED"]
[SourceTitle "EXT 2015"]
[Source "ChessBase"]
[SourceDate "2014.11.20"]
[SourceVersion "1"]
[SourceVersionDate "2014.11.20"]
[SourceQuality "1"]

1. e4 c5 2. Nc3 g6 3. d4 Bg7 4. Be3 cxd4 5. Bxd4 Nf6 6. e5 Ng8 7. Bb5 e6 8. Nf3 Ne7 9. 0-0 a6 10. Bd3 Nbc6 11. Re1 Nxd4 12. Nxd4 0-0 13. Qg4 b5 14. Qf3 Rb8 15. h4 Bb7 16. Qg3 Qb6 17. Qe3 d6 18. Nf5 Qd8 19. Nxd6 b4 20. Nce4 Bxe5 21. Nxb7 Rxb7 22. Nc5 Bb8 23. Nxb7 Qc7 24. Be4 Qh2+ 25. Kf1 Qxh4 26. Rad1 Qh1+ 27. Ke2 Qh5+ 28. Bf3 Qb5+ 29. Qd3 Qb6 30. Qd7 Nf5 31. Be4 Ba7 32. Bxf5 Qxf2+ 33. Kd3 Qxf5+ 34. Re4 Qf2 35. Rde1 Qb6 36. Rf1 a5 37. Nd6 Qa6+ 38. Nb5 Bb6 0-1

[Event "Maastricht Limburg op-C 6th"]
[Site "Maastricht"]
[Date "2012.05.27"]
[Round "4"]
[White "De Ruyter, Wim"]
[Black "Boer, Jan"]
[Result "0-1"]
[WhiteElo "1681"]
[BlackElo "1730"]
[PlyCount "78"]
[EventDate "2012.05.25"]
[EventType "swiss"]
[EventRounds "7"]
[EventCountry "NED"]
[SourceTitle "EXT 2013"]
[Source "ChessBase"]
[SourceDate "2012.11.22"]
[SourceVersion "1"]
[SourceVersionDate "2012.11.22"]
[SourceQuality "1"]

1. e4 c5 2. Nc3 Nc6 3. g3 g6 4. Bg2 Bg7 5. d3 e6 6. f4 d6 7. Nf3 Nge7 8. 0-0 0-0 9. Be3 Bd7 10. Rb1 Rc8 11. Ne2 Re8 12. c3 a5 13. h4 e5 14. Ng5 f6 15. Qb3+ d5 16. exd5 a4 17. Qc2 fxg5 18. dxc6 Bxc6 19. Bxc6 Rxc6 20. fxg5 Nf5 21. Bf2 Qd7 22. Qxa4 Qxd3 23. Rbe1 c4 24. Qd1 e4 25. Nf4 Qxd1 26. Rxd1 e3 27. Rd7 exf2+ 28. Kxf2 Nd6 29. Kg2 b5 30. Nd5 Kh8 31. Ne7 Ra6 32. Re1 Rf8 33. Re6 Rxa2 34. Rdxd6 Rxb2+ 35. Kh3 Bxc3 36. h5 gxh5 37. Rh6 Kg7 38. g6 Kxh6 39. g4 Rf3+ 0-1

[Event "Maastricht Limburg op-C 6th"]
[Site "Maastricht"]
[Date "2012.05.25"]
[Round "1"]
[White "Slagter, Maxim"]
[Black "De Ruyter, Wim"]
[Result "1-0"]
[WhiteElo "1374"]
[BlackElo "1681"]
[PlyCount "77"]
[EventDate "2012.05.25"]
[EventType "swiss"]
[EventRounds "7"]
[EventCountry "NED"]
[SourceTitle "EXT 2013"]
[Source "ChessBase"]
[SourceDate "2012.11.22"]
[SourceVersion "1"]
[SourceVersionDate "2012.11.22"]
[SourceQuality "1"]

1. e4 e5 2. Nf3 Nf6 3. d3 Nc6 4. Bg5 Be7 5. Nc3 0-0 6. Qd2 d6 7. 0-0-0 Be6 8. h4 d5 9. Bxf6 Bxf6 10. Ng5 d4 11. Ne2 Qe7 12. Nxe6 fxe6 13. g3 Qc5 14. f4 Qa5 15. Qxa5 Nxa5 16. Bh3 Rae8 17. Rdf1 Nc6 18. Rh2 exf4 19. Nxf4 Be5 20. Rhf2 Bxf4+ 21. Rxf4 Rxf4 22. Rxf4 e5 23. Rf3 g6 24. Bd7 Rf8 25. Rxf8+ Kxf8 26. Bxc6 bxc6 27. b4 Kg7 28. g4 Kh6 29. Kb2 Kg7 30. Kb3 Kf7 31. Kc4 Ke7 32. Kc5 Kd7 33. a3 a6 34. a4 h6 35. a5 g5 36. h5 Kc8 37. Kxc6 Kb8 38. Kd5 Kb7 39. Kxe5 1-0

[Event "Leiden SB-ch"]
[Site "Leiden"]
[Date "2011.06.28"]
[Round "7"]
[White "Van der Maat, Niek"]
[Black "De Ruyter, Wim"]
[Result "1-0"]
[WhiteElo "1926"]
[BlackElo "1591"]
[PlyCount "65"]
[EventDate "2011.05.17"]
[EventType "swiss"]
[EventRounds "7"]
[EventCountry "NED"]
[SourceTitle "EXT 2012"]
[Source "ChessBase"]
[SourceDate "2011.11.24"]
[SourceVersion "1"]
[SourceVersionDate "2011.11.24"]
[SourceQuality "1"]

1. c4 e5 2. Nc3 Nc6 3. Nf3 g6 4. g3 Bg7 5. Bg2 d6 6. d3 f5 7. 0-0 Nf6 8. Rb1 0-0 9. b4 a6 10. a4 e4 11. Ng5 Ng4 12. Qb3 Nd4 13. Qa2 c5 14. bxc5 dxc5 15. Nd5 h6 16. Nb6 Rb8 17. Nxc8 Qxc8 18. Nh3 Qe8 19. Bf4 Be5 20. dxe4 g5 21. Bxe5 Qxe5 22. e3 Nc6 23. exf5 Nb4 24. Qe2 Qxf5 25. Rbd1 Ne5 26. f4 Qg4 27. Qd2 Nxc4 28. Bd5+ Nxd5 29. Qxd5+ Rf7 30. Qxc4 Qxh3 31. fxg5 Rbf8 32. Rxf7 Rxf7 33. g6 1-0

[Event "Leiden SB-ch"]
[Site "Leiden"]
[Date "2003.06.24"]
[Round "6"]
[White "De Ruyter, Wim"]
[Black "Goudriaan, Theo"]
[Result "0-1"]
[WhiteElo "1538"]
[BlackElo "1865"]
[PlyCount "52"]
[EventDate "2003.05.20"]
[EventType "swiss"]
[EventRounds "7"]
[EventCountry "NED"]
[SourceTitle "CBM 095 Extra"]
[Source "ChessBase"]
[SourceDate "2003.09.04"]
[SourceVersion "1"]
[SourceVersionDate "2003.09.04"]
[SourceQuality "1"]

1. e4 c5 2. Nf3 d6 3. Bb5+ Nc6 4. d4 cxd4 5. Nxd4 Bd7 6. Nxc6 bxc6 7. Bc4 g6 8. 0-0 Bg7 9. c3 Nf6 10. Re1 0-0 11. Bg5 Qc7 12. Na3 Rab8 13. Rb1 h6 14. Bh4 Kh7 15. Bg3 Nh5 16. Bh4 Be6 17. f3 Be5 18. Bxe6 fxe6 19. Nc4 Bg7 20. Bf2 Nf4 21. b4 Bxc3 22. Re3 Bg7 23. Ra3 Ra8 24. Ra6 Qb7 25. Qa4 Ne2+ 26. Kf1 Nc3 0-1

[Event "Leiden SB-ch"]
[Site "Leiden"]
[Date "2003.05.20"]
[Round "1"]
[White "Thiele, Mark"]
[Black "De Ruyter, Wim"]
[Result "1-0"]
[WhiteElo "2211"]
[BlackElo "1538"]
[PlyCount "83"]
[EventDate "2003.05.20"]
[EventType "swiss"]
[EventRounds "7"]
[EventCountry "NED"]
[SourceTitle "CBM 095 Extra"]
[Source "ChessBase"]
[SourceDate "2003.09.04"]
[SourceVersion "1"]
[SourceVersionDate "2003.09.04"]
[SourceQuality "1"]

1. d4 d5 2. Nf3 Nf6 3. c4 e6 4. Nc3 Nbd7 5. Bg5 Be7 6. e3 h6 7. Bh4 0-0 8. Qc2 c5 9. cxd5 Nxd5 10. Bxe7 Qxe7 11. Nxd5 exd5 12. dxc5 Qxc5 13. Bd3 Qxc2 14. Bxc2 Nf6 15. Nd4 b6 16. f3 Ba6 17. Kd2 Rac8 18. Bf5 Rc7 19. Rhc1 Re7 20. Rc3 Ne8 21. Ra3 Bb7 22. Rxa7 Nd6 23. Bd3 Rfe8 24. Bb5 Nc4+ 25. Bxc4 dxc4 26. Rc1 Rxe3 27. Rxc4 Bd5 28. Rcc7 Re1 29. Rd7 Bc4 30. b3 Bf1 31. Rxf7 R8e2+ 32. Nxe2 Rxe2+ 33. Kc3 Rxg2 34. Rfb7 Be2 35. Rxb6 Rxh2 36. Rg6 Rh3 37. Rgxg7+ Kf8 38. Raf7+ Ke8 39. a4 Bxf3 40. Kd4 Bh5 41. Re7+ Kf8 42. b4 1-0

[Event "Leiden SB-ch"]
[Site "Leiden"]
[Date "2002.06.25"]
[Round "6"]
[White "Siero, Paul"]
[Black "De Ruyter, Wim"]
[Result "0-1"]
[WhiteElo "1124"]
[BlackElo "1261"]
[PlyCount "54"]
[EventDate "2002.05.21"]
[EventType "swiss"]
[EventRounds "7"]
[EventCountry "NED"]
[SourceTitle "EXT 2003"]
[Source "ChessBase"]
[SourceDate "2002.11.25"]
[SourceVersion "1"]
[SourceVersionDate "2002.11.25"]
[SourceQuality "1"]

1. e4 e5 2. Nf3 Nf6 3. Nxe5 d6 4. Nf3 Nxe4 5. d4 d5 6. Bd3 Bg4 7. Qe2 Qe7 8. 0-0 Nc6 9. c3 0-0-0 10. Re1 Re8 11. Nbd2 f5 12. b4 Nxc3 13. Qxe7 Bxe7 14. b5 Nb4 15. Ne5 Bf6 16. Kf1 Bxe5 17. Bxf5+ Bxf5 18. dxe5 Nc2 19. Bb2 Nxb5 20. e6 Nxe1 21. Rxe1 Rxe6 22. Bxg7 Rxe1+ 23. Kxe1 Rg8 24. Be5 Rxg2 25. Kf1 Rg5 26. a4 Bd3+ 27. Ke1 Rxe5+ 0-1